Numerical solution of partial differential equations by the finite element method
Uloženo v:
| Hlavní autor: | |
|---|---|
| Médium: | Kniha |
| Jazyk: | angličtina |
| Vydáno: |
Nueva York
Dover Publications
2009
|
| Vydání: | 1a. ed |
| Edice: | Dover Books on Mathematics
|
| Témata: | |
| Tagy: |
Přidat tag
Žádné tagy, Buďte první, kdo vytvoří štítek k tomuto záznamu!
|
MARC
| LEADER | 00000cam a2200000 a 4500 | ||
|---|---|---|---|
| 001 | UCD8320 | ||
| 003 | CL-VaPUC | ||
| 005 | 20240326104701.0 | ||
| 008 | 170508e20090000us |||||||||||||||||eng|d | ||
| 999 | |c 367902 |d 367900 | ||
| 020 | |a 9780486469003 | ||
| 020 | |a 048646900X | ||
| 040 | |c Pontificia Universidad Católica de Valparaíso | ||
| 082 | 0 | 4 | |a 515.353 |b JOH |2 21 |
| 100 | 0 | |a Johnson, Claes |e author |9 592042 | |
| 245 | 1 | 0 | |a Numerical solution of partial differential equations by the finite element method |
| 250 | |a 1a. ed | ||
| 260 | |a Nueva York |b Dover Publications |c 2009 | ||
| 300 | |a 278 p | ||
| 490 | 0 | |a Dover Books on Mathematics | |
| 583 | |a last modification |c 20170508 01:31:00 |k Rodrigo Vera | ||
| 650 | 7 | |a Ecuaciones diferenciales parciales |x Soluciones numéricas |2 CL-VaPUC |9 324519 | |
| 650 | 0 | |a Método de elemento finito |9 327601 | |
| 942 | |c BK |2 ddc | ||
| 945 | |d 20170508 01:31:00 |a arojas | ||
| 952 | |0 0 |1 0 |3 erb |4 0 |6 515_353000000000000_JOH_2009 |7 0 |8 A |9 483073 |a BIBMAT |b BIBMAT |i 5374774 |o 515.353 JOH 2009 |p 5374774 |r 2025-01-07 |w 2019-11-24 |y BK |z Catalogado en:20170508 |k MAT | ||
| 952 | |0 0 |1 0 |3 erb |4 0 |6 515_353000000000000_JOH_2009 |7 0 |8 A |9 483074 |a BIBMAT |b BIBMAT |i 5375606 |o 515.353 JOH 2009 |p 5375606 |r 2025-01-07 |w 2019-11-24 |y BK |z Catalogado en:20170512 |k MAT | ||